000 00625nam a22002297a 4500
003 UA-OsUOA
001 34246
007 ta
008 20050927b un ||||| |||| 00| 0 ukr d
100 _aБхаттачарія Б.
090 _a821.111
_bБ94
942 _cBK
040 _aUA-OsUOA
_bukr
_cUA-OsUOA
_dUA-OsUOA
245 _aТой, що сів на тигра
_bроман
300 _a248 с.
955 _a3
041 _aukr
080 _a821.111
260 _aК.
_bХудожня література
_c1959
650 7 _a82 Література. Літературознавство
_2UDC
999 _c320677
_d320677